<?xml version="1.0" encoding="UTF-8"?>
<record
    xmlns:xsi="http://www.w3.org/2001/XMLSchema-instance"
    xsi:schemaLocation="http://www.loc.gov/MARC21/slim http://www.loc.gov/standards/marcxml/schema/MARC21slim.xsd"
    xmlns="http://www.loc.gov/MARC21/slim">

  <leader>00405    a2200145   4500</leader>
  <controlfield tag="005">20250524100322.0</controlfield>
  <datafield tag="020" ind1=" " ind2=" ">
    <subfield code="a">0 273 00745 9 </subfield>
  </datafield>
  <datafield tag="082" ind1=" " ind2=" ">
    <subfield code="a">658.785 MOR</subfield>
  </datafield>
  <datafield tag="100" ind1=" " ind2=" ">
    <subfield code="a">MORRISON, </subfield>
  </datafield>
  <datafield tag="245" ind1=" " ind2=" ">
    <subfield code="a">Storage and Control of Stock : For Industry and Public Undertakings.</subfield>
  </datafield>
  <datafield tag="250" ind1=" " ind2=" ">
    <subfield code="a">3rd Ed </subfield>
  </datafield>
  <datafield tag="260" ind1=" " ind2=" ">
    <subfield code="a">London,</subfield>
    <subfield code="b">Pitman,</subfield>
    <subfield code="c">1981.</subfield>
  </datafield>
  <datafield tag="300" ind1=" " ind2=" ">
    <subfield code="a">xv, 311p.: ill.; figure, picture</subfield>
    <subfield code="b">Index</subfield>
    <subfield code="c">21cm.</subfield>
  </datafield>
  <datafield tag="942" ind1=" " ind2=" ">
    <subfield code="2">ddc</subfield>
    <subfield code="c">BKS</subfield>
  </datafield>
  <datafield tag="999" ind1=" " ind2=" ">
    <subfield code="c">2619</subfield>
    <subfield code="d">2619</subfield>
  </datafield>
  <datafield tag="952" ind1=" " ind2=" ">
    <subfield code="r">2025-05-24 10:05:15</subfield>
    <subfield code="l">0</subfield>
    <subfield code="o">658.785 MOR</subfield>
    <subfield code="p">0000009780</subfield>
    <subfield code="v">30000.00</subfield>
    <subfield code="w">2025-05-24</subfield>
    <subfield code="y">BKS</subfield>
    <subfield code="1">0</subfield>
    <subfield code="2">ddc</subfield>
    <subfield code="4">0</subfield>
    <subfield code="7">0</subfield>
    <subfield code="0">0</subfield>
    <subfield code="a">CBEML</subfield>
    <subfield code="b">CBEML</subfield>
    <subfield code="c">GEN</subfield>
    <subfield code="d">1983-05-10</subfield>
    <subfield code="g">10000.00</subfield>
  </datafield>
</record>
